| 000 | 01358cad a22002295a 4500 | ||
|---|---|---|---|
| 001 | L146760 | ||
| 008 | 090224s2008 xxkabdof s 000 0 eng d | ||
| 035 | _a(Sirsi) u146760 | ||
| 041 | 0 | _aeng | |
| 050 | 0 | 4 | _a306.1 $2 18 |
| 110 | 2 |
_aKnight Frank _91530 |
|
| 245 | 0 | 0 |
_aBricks and mortarboards _bthe student accommodation review 2008 _h[electronic resource] |
| 260 |
_aLondon _bKnight Frank _c2008 |
||
| 505 | 2 | _aGrowing demand -- The importance of international students -- A growing sector -- Main players -- Investment opportunity -- Location analysis -- Investment returns -- Prime student markets | |
| 520 | _aReview looks at the student accommodation market and suggests that it can be an attractive alternative investment area, albeit relatively immature as a market. Investigates the current state of the sector and possible future developments. Includes the Knight Frank Student Accommodation Investment Index, charts and statistics. | ||
| 521 | _aAdvanced | ||
| 590 | _aKA | ||
| 651 | 4 |
_aUnited Kingdom _y |
|
| 690 | _aPROPERTY-OTHER PROPERTY TYPES-HALLS OF RESIDENCE | ||
| 856 | 4 | 0 |
_uhttps://www.propertyweek.com/Journals/Builder_Group/Property_Week/18_July_2008/attachments/Bricks%20and%20Mortarboards%20Student%20Accommodation%20Review%202008%20Knight%20Frank.pdf _zView the item free of charge online at www.propertyweek.com |
| 942 | _n0 | ||
| 999 |
_c109281 _d109281 |
||